[Event "81st ch-ESP Rapid 2016"]
[Site "Linares ESP"]
[Date "2016.08.14"]
[Round "6.21"]
[White "Martinez Reyes, Pedro Ramon"]
[Black "Merario Alarcon, Andres"]
[Result "1/2-1/2"]
[WhiteTitle "FM"]
[WhiteElo "2365"]
[BlackElo "2262"]
[WhiteFideId "3901807"]
[BlackFideId "24522767"]
[EventDate "2016.08.14"]

1. e4 e5 2. Nf3 Nc6 3. d4 exd4 4. Nxd4 Nf6 5. Nxc6 bxc6 6. e5 Qe7 7. Qe2 Nd5 8.
h4 d6 9. exd6 Qxe2+ 10. Bxe2 cxd6 11. Bd2 Be7 12. c4 Nb6 13. Nc3 Be6 14. b3 d5
15. cxd5 Nxd5 16. Ne4 O-O 17. Rc1 Ba3 18. Rc4 a5 19. Nc5 Bf5 20. O-O Bb4 21.
Bxb4 axb4 22. Na4 Rfe8 23. Bf3 Bd3 24. Rfc1 Bxc4 25. Rxc4 Ra6 26. Kh2 Kf8 27.
Kg3 Re1 28. Rc2 Ra1 29. Be2 Ra5 30. Bf3 Ke7 31. Rxc6 Rxa2 32. Nb6 Nxb6 33. Rxb6
Rb2 34. Rxb4 Raa2 35. Rb7+ Ke8 36. Bc6+ Kf8 37. f4 Rd2 38. b4 Ra3+ 39. Kg4 g6
40. h5 Kg7 41. h6+ Kxh6 42. Rxf7 Rd4 43. b5 Rb3 44. Re7 Rbb4 45. Rf7 Rb3 46. Re7
Rbb4 47. Rf7 Rb3 48. Be8 Rd2 49. Bc6 Rd4 50. Kh4 g5+ 51. Kg4 Rxf4+ 52. Rxf4 gxf4
53. Kxf4 Kg6 54. Ke5 Kg5 55. Kd6 h5 56. Kc5 Kg4 57. Bd7+ Kg3 58. Bh3 Kf4 59. b6
Rc3+ 60. Kd6 Rd3+ 61. Kc7 Ke5 62. b7 Rc3+ 63. Kd7 Rb3 64. Kc8 Rc3+ 65. Kd8 Rb3
66. Kc7 Rc3+ 67. Kb6 Rb3+ 68. Kc6 Rc3+ 69. Kb5 Rb3+ 70. Ka6 Ra3+ 71. Kb6 Rb3+
72. Kc7 Rc3+ 73. Kd8 Rb3 74. Kc8 Rc3+ 75. Kd7 Rd3+ 76. Ke7 Rb3 77. Bc8 Kf4 78.
Kd6 Rxb7 79. Bxb7 Kg3 80. Ke5 h4 81. Bc8 Kxg2 1/2-1/2

[Event "81st ch-ESP Rapid 2016"]
[Site "Linares ESP"]
[Date "2016.08.14"]
[Round "6.22"]
[White "Fernandez Torre, Ivan"]
[Black "Ladron De Guevara Pinto, Paolo"]
[Result "0-1"]
[BlackTitle "FM"]
[WhiteElo "2164"]
[BlackElo "2369"]
[WhiteFideId "2229528"]
[BlackFideId "2290847"]
[EventDate "2016.08.14"]

1. e4 e5 2. Nf3 Nc6 3. Bb5 g6 4. d4 exd4 5. Nxd4 Bg7 6. c3 Nge7 7. Bg5 O-O 8.
O-O h6 9. Bh4 Nxd4 10. cxd4 g5 11. Bg3 d5 12. e5 Nf5 13. Nc3 c6 14. Ba4 Qb6 15.
Ne2 Qxb2 16. Qd3 Qb4 17. Bb3 a5 18. a3 Qe7 19. Rfc1 f6 20. exf6 Bxf6 21. f3 Bd7
22. Bf2 Rae8 23. Re1 Qg7 24. Rad1 b5 25. g4 Nd6 26. Ng3 Qh7 27. Qc3 a4 28. Bc2
Qf7 29. Nh5 Be7 30. Qd3 Ne4 31. Rf1 Qxf3 0-1

[Event "81st ch-ESP Rapid 2016"]
[Site "Linares ESP"]
[Date "2016.08.14"]
[Round "6.23"]
[White "Perera Borrego, Mariela"]
[Black "Fernandez Borrego, Pablo"]
[Result "1/2-1/2"]
[WhiteTitle "WFM"]
[BlackTitle "FM"]
[WhiteElo "2157"]
[BlackElo "2430"]
[WhiteFideId "22238255"]
[BlackFideId "2258285"]
[EventDate "2016.08.14"]

1. d4 e6 2. c4 Bb4+ 3. Nc3 b6 4. a3 Bxc3+ 5. bxc3 Bb7 6. f3 f5 7. e3 Nf6 8. Bd3
O-O 9. Ne2 Nc6 10. a4 Ne7 11. Ba3 d6 12. Qc2 Qd7 13. h4 c5 14. h5 e5 15. d5 e4
16. fxe4 fxe4 17. Bxe4 Nxe4 18. Qxe4 Rae8 19. Qe6+ Qxe6 20. dxe6 Nf5 21. O-O
Rxe6 22. Bc1 Ba6 23. Nf4 Ree8 24. Re1 Ng3 25. a5 Bxc4 26. axb6 axb6 27. Rd1 Ne4
28. Ra7 Rf7 29. Rxf7 Kxf7 30. Bb2 Ra8 31. Ra1 Rxa1+ 32. Bxa1 g5 33. hxg6+ hxg6
34. Kh2 Kf6 35. g4 b5 36. Kg2 Kg5 37. Kf3 Nd2+ 38. Kg3 Nf1+ 39. Kf3 Nh2+ 40. Kg3
Nf1+ 41. Kf3 Kf6 42. e4 g5 43. Ng2 Ke5 44. Bb2 Nd2+ 45. Ke3 Nxe4 46. Ne1 d5 47.
Nf3+ Kd6 48. Ne1 Bb3 49. Nd3 Bd1 50. Ba3 Bxg4 51. Nxc5 Nxc5 52. Kd4 Be2 53.
Bxc5+ Ke6 54. Ba7 Bc4 55. Bb8 Kf5 56. Ke3 Kg4 57. Bd6 Kf5 58. Kf3 g4+ 59. Ke3
Bb3 60. Bg3 Ke6 61. Kd4 Kd7 62. Kc5 Bc4 63. Bf4 Ke6 64. Kd4 Kf6 65. Bg3 Kf5 66.
Ke3 Ke6 67. Kd4 Kd7 68. Kc5 Ke7 69. Kd4 Kd8 70. Bf4 Kc8 71. Kc5 Kb7 72. Bg3 Ka6
73. Kb4 Kb6 74. Bf2+ Kc6 75. Bg3 d4 76. cxd4 Kd5 77. Bf2 Be2 78. Bg1 g3 79. Kc3
Ke4 80. Kb4 Bc4 81. Kc5 Kd3 82. d5 Bxd5 83. Kxb5 Ke2 84. Kc5 Kf1 85. Be3 Bf3 86.
Kd4 g2 87. Ke5 1/2-1/2

[Event "81st ch-ESP Rapid 2016"]
[Site "Linares ESP"]
[Date "2016.08.14"]
[Round "6.24"]
[White "Montoliu Cervero, Francisco"]
[Black "Sanz Losada, Victoriano"]
[Result "1-0"]
[WhiteTitle "FM"]
[BlackTitle "CM"]
[WhiteElo "2346"]
[BlackElo "2020"]
[WhiteFideId "2214814"]
[BlackFideId "2202808"]
[EventDate "2016.08.14"]

1. e4 c5 2. Nf3 d6 3. d4 cxd4 4. Nxd4 Nf6 5. Nc3 g6 6. Be3 Bg7 7. f3 O-O 8. Qd2
Nc6 9. O-O-O d5 10. exd5 Nxd5 11. Nxc6 bxc6 12. Bd4 Bxd4 13. Qxd4 Qb6 14. Na4
Qc7 15. Bc4 e5 16. Qc5 Nb6 17. Nc3 Nxc4 18. Qxc4 Rb8 19. b3 Qa5 20. Kb2 Be6 21.
Qa4 Qc5 22. Ne4 Qb6 23. Rd6 Rfc8 24. Rhd1 Bf5 25. Nf6+ Kg7 26. Qh4 h6 27. g4 Qb4
28. Qh3 Be6 29. Rxe6 fxe6 30. Rd7+ Kxf6 31. Qh4+ 1-0

[Event "81st ch-ESP Rapid 2016"]
[Site "Linares ESP"]
[Date "2016.08.14"]
[Round "6.25"]
[White "Rubio Tent, Francisco"]
[Black "Blanco Acevedo, Cristobal Jose"]
[Result "1-0"]
[BlackTitle "IM"]
[WhiteElo "2199"]
[BlackElo "2346"]
[WhiteFideId "2238233"]
[BlackFideId "3900525"]
[EventDate "2016.08.14"]

1. e4 c5 2. Nf3 Nc6 3. d4 cxd4 4. Nxd4 Nf6 5. Nc3 e5 6. Ndb5 d6 7. Bg5 a6 8. Na3
b5 9. Nd5 Be7 10. Bxf6 Bxf6 11. c4 b4 12. Nc2 O-O 13. g3 Bg5 14. Bg2 Qa5 15. O-O
Qc5 16. Qd3 a5 17. Rad1 Bg4 18. Rde1 Rac8 19. b3 Kh8 20. Nde3 Be6 21. Rd1 Rcd8
22. h4 Bh6 23. Nf5 Bxf5 24. exf5 Ne7 25. f6 gxf6 26. Be4 f5 27. Bxf5 d5 28. cxd5
Rxd5 29. Qf3 Qc3 30. Qh5 Kg7 31. Qg4+ Kh8 32. Qh5 Kg7 33. Rde1 Nxf5 34. Qxf5 Qd3
35. Re4 f6 36. Rg4+ Kh8 37. Qh5 Bd2 38. Rc4 Qg6 39. Qe2 f5 40. Kh2 f4 41. Rd1
Rfd8 42. Qe4 fxg3+ 43. fxg3 Qf6 44. Rc7 Qf2+ 45. Kh3 R5d7 46. Qxe5+ Kg8 47. Rxd7
Rxd7 48. Qe8+ 1-0

[Event "81st ch-ESP Rapid 2016"]
[Site "Linares ESP"]
[Date "2016.08.14"]
[Round "6.26"]
[White "Queirolo Perez, Manuel"]
[Black "Tejedor Fuente, Enrique"]
[Result "1/2-1/2"]
[BlackTitle "FM"]
[WhiteElo "2096"]
[BlackElo "2377"]
[WhiteFideId "3401219"]
[BlackFideId "2299100"]
[EventDate "2016.08.14"]

1. e4 c5 2. Nf3 Nc6 3. d4 cxd4 4. Nxd4 Nf6 5. Nc3 Qb6 6. Nb3 e6 7. Be3 Qc7 8. a3
a6 9. Be2 b5 10. f3 Bd6 11. Bxb5 Bxh2 12. Bxc6 Bg3+ 13. Bf2 dxc6 14. Qd2 Bf4 15.
Be3 Bg3+ 16. Bf2 Bf4 17. Be3 Bg3+ 18. Bf2 1/2-1/2

[Event "81st ch-ESP Rapid 2016"]
[Site "Linares ESP"]
[Date "2016.08.14"]
[Round "6.27"]
[White "Almagro Mazariegos, Sebastian"]
[Black "Guillo Longares, Cecilia"]
[Result "1-0"]
[WhiteTitle "FM"]
[WhiteElo "2303"]
[BlackElo "1845"]
[WhiteFideId "2221640"]
[BlackFideId "32082681"]
[EventDate "2016.08.14"]

1. e4 c5 2. Nf3 Nc6 3. d4 cxd4 4. Nxd4 g6 5. c4 Bg7 6. Nc2 Nf6 7. Nc3 O-O 8. Be2
d6 9. O-O Bd7 10. Rb1 a5 11. b3 Nb4 12. Nd4 Nc6 13. Ndb5 Na7 14. Nxa7 Rxa7 15.
Be3 Ra8 16. Qd2 Bc6 17. f3 Nd7 18. Rfc1 Nc5 19. Rc2 e6 20. Bh6 Qe7 21. Bxg7 Kxg7
22. Qd4+ Kg8 23. Rd1 Rfd8 24. Rcd2 Rac8 25. Bf1 e5 26. Qe3 Ne6 27. Qb6 Ra8 28.
Qe3 Rac8 29. g3 Qg5 30. Qxg5 Nxg5 31. Kf2 f5 32. h4 Nf7 33. Bh3 Bd7 34. Nd5 Kg7
35. Nb6 Rc6 36. Nxd7 Rxd7 37. exf5 gxf5 38. Bxf5 Rd8 39. Be4 Rc7 40. Rd5 a4 41.
Rb5 axb3 42. axb3 Rb8 43. Rb6 Ra8 44. g4 Ra7 45. Bd5 Ra2+ 46. Kg3 Rb2 47. Bxf7
Kxf7 48. Rdxd6 Rb1 49. Rh6 Kg7 50. Rhe6 Kf7 51. Rxe5 Rxc4 52. Rxb7+ Kf6 53. Rf5+
Kg6 54. h5+ Kh6 55. Rb6+ Kg7 56. h6+ 1-0

[Event "81st ch-ESP Rapid 2016"]
[Site "Linares ESP"]
[Date "2016.08.14"]
[Round "6.28"]
[White "Vega Gomez, Francisco B."]
[Black "Gines Esteo, Pedro Antonio"]
[Result "0-1"]
[WhiteElo "2257"]
[BlackElo "2194"]
[WhiteFideId "2268086"]
[BlackFideId "32080190"]
[EventDate "2016.08.14"]

1. Nf3 d5 2. d4 c5 3. c4 dxc4 4. d5 e6 5. e4 Nf6 6. Nc3 exd5 7. e5 Nfd7 8. Nxd5
Nb6 9. Nxb6 Qxd1+ 10. Kxd1 axb6 11. Bxc4 Bg4 12. Kc2 Bxf3 13. gxf3 Nc6 14. f4
Nd4+ 15. Kc3 b5 16. Bd5 b4+ 17. Kd3 O-O-O 18. Ke4 f5+ 19. exf6 gxf6 20. f5 Re8+
21. Kd3 Nxf5 22. Bf4 Bd6 23. Bxd6 Nxd6 24. Rhg1 Re5 25. Bf3 Rd8 26. Kc2 Nb5 27.
Bg4+ f5 28. Bd1 Nd4+ 29. Kc1 Ne2+ 30. Bxe2 Rxe2 31. b3 Rdd2 32. a3 bxa3 33. Rxa3
Rxf2 34. Rg8+ Kc7 35. Rg7+ Kb6 36. Ra8 Rc2+ 37. Kb1 Rce2 38. Rg1 Rxh2 39. Rf8
Ref2 40. Rf7 f4 41. Re1 f3 42. b4 cxb4 43. Rd1 b3 44. Ka1 Ra2+ 45. Kb1 Raf2 46.
Rf4 Ka5 47. Rd5+ b5 48. Rd1 h5 49. Rf5 h4 50. Rf4 h3 51. Rf8 Rb2+ 52. Ka1 Ra2+
53. Kb1 Rhb2+ 54. Kc1 Ra1+ 55. Kxb2 Rxd1 56. Rxf3 h2 57. Rf4 h1=Q 58. Ra4+ bxa4 0-1

[Event "81st ch-ESP Rapid 2016"]
[Site "Linares ESP"]
[Date "2016.08.14"]
[Round "6.29"]
[White "Somalo Fernandez, Millan"]
[Black "Navarrete Espi, Samuel"]
[Result "0-1"]
[BlackTitle "FM"]
[WhiteElo "2064"]
[BlackElo "2227"]
[WhiteFideId "2229048"]
[BlackFideId "2237725"]
[EventDate "2016.08.14"]

1. e4 e5 2. Nf3 Nc6 3. Bc4 Bc5 4. b4 Bb6 5. a4 a6 6. d3 Nf6 7. O-O d6 8. c3 O-O
9. Be3 Ba7 10. h3 Ne7 11. Nbd2 Ng6 12. d4 Qe7 13. dxe5 dxe5 14. Qe2 Nh5 15. Bxa7
Rxa7 16. Qe3 Ra8 17. Qg5 Qxg5 18. Nxg5 h6 19. Ngf3 Nhf4 20. Rfd1 Be6 21. g3 Bxc4
22. gxf4 Be2 23. Nxe5 Nxe5 24. fxe5 Bxd1 25. Rxd1 Rfd8 26. Kf1 Rd3 0-1

[Event "81st ch-ESP Rapid 2016"]
[Site "Linares ESP"]
[Date "2016.08.14"]
[Round "6.30"]
[White "Mejuto De Ulloa, Jorge"]
[Black "Sanchez Aller, Fernando"]
[Result "1-0"]
[BlackTitle "FM"]
[WhiteElo "2122"]
[BlackElo "2281"]
[WhiteFideId "2288370"]
[BlackFideId "2222892"]
[EventDate "2016.08.14"]

1. Nf3 Nf6 2. g3 g6 3. Bg2 Bg7 4. O-O O-O 5. d4 d6 6. Nbd2 Nc6 7. b3 e5 8. e3
Re8 9. c4 e4 10. Ne1 Bf5 11. Rb1 h5 12. b4 h4 13. b5 Nb8 14. Rb3 Nbd7 15. h3 g5
16. g4 Bg6 17. f4 exf3 18. Nexf3 Ne4 19. Nxe4 Bxe4 20. Rb2 c5 21. Rbf2 Qe7 22.
a4 a6 23. Qb3 axb5 24. axb5 Ra1 25. Bb2 Rxf1+ 26. Rxf1 b6 27. Kf2 d5 28. cxd5
Qd6 29. Kg1 Bxd5 30. Qa3 Qg3 31. dxc5 Bxb2 32. Qxb2 bxc5 33. Qd2 Nb6 34. e4 Bxe4
35. Qxg5+ Bg6 36. Qxh4 Qxh4 37. Nxh4 Bd3 38. Rc1 c4 39. Nf5 Re5 40. Bc6 Bxf5 41.
gxf5 Rxf5 42. Kg2 Rc5 43. Kf3 Kf8 44. Ke4 Rh5 45. Kd4 Ke7 46. Rc3 Kd6 47. Rf3 f5
48. Rg3 Rh4+ 49. Kc3 Kc5 50. Rf3 f4 51. Kc2 Kd4 52. Kd2 Ke5 53. Kc3 Rh6 54. Kb4
Rd6 55. Kc5 Na4+ 56. Kb4 Nb2 57. Kc5 Rd4 58. b6 Nd3+ 59. Kb5 c3 60. b7 Rb4+ 61.
Ka5 Rxb7 62. Rxd3 c2 63. Rd5+ 1-0

[Event "81st ch-ESP Rapid 2016"]
[Site "Linares ESP"]
[Date "2016.08.14"]
[Round "6.31"]
[White "Meneses Gonzalez, Kevin Moises"]
[Black "Ortega Lopez, Mikel"]
[Result "0-1"]
[WhiteTitle "FM"]
[BlackTitle "FM"]
[WhiteElo "2337"]
[BlackElo "2299"]
[WhiteFideId "2284502"]
[BlackFideId "22252878"]
[EventDate "2016.08.14"]

1. e4 c5 2. Nf3 d6 3. d4 Nc6 4. Bb5 Bd7 5. Bxc6 Bxc6 6. Nc3 e6 7. Bg5 Qa5 8. Bd2
cxd4 9. Nxd4 Qc7 10. f4 Rc8 11. g4 b5 12. Ndxb5 Bxb5 13. Nxb5 Qb7 14. Nc3 Rb8
15. b3 Be7 16. g5 a5 17. h4 0-1

[Event "81st ch-ESP Rapid 2016"]
[Site "Linares ESP"]
[Date "2016.08.14"]
[Round "6.32"]
[White "Pazos Porta, Antonio"]
[Black "Domingo Nunez, Ruben"]
[Result "0-1"]
[WhiteTitle "FM"]
[BlackTitle "FM"]
[WhiteElo "2338"]
[BlackElo "2321"]
[WhiteFideId "2263190"]
[BlackFideId "22245570"]
[EventDate "2016.08.14"]

1. e4 e6 2. d4 d5 3. Nc3 Nc6 4. Bb5 dxe4 5. Nge2 Bd7 6. Nxe4 a6 7. Ba4 Nf6 8.
Nxf6+ Qxf6 9. Be3 Bd6 10. c3 Nb8 11. O-O O-O 12. Bc2 Bc6 13. Qd3 Qh4 14. g3 Qh5
15. Bf4 Nd7 16. Bxd6 cxd6 17. Nf4 Qh6 18. Qe3 e5 19. Ng2 Qh3 20. f3 exd4 21.
cxd4 Rfe8 22. Qf2 Nf6 23. Nf4 Qh6 24. Rfe1 Qg5 25. Rad1 Qa5 26. Rxe8+ Rxe8 27.
Bb3 Qb4 28. d5 Bb5 29. Qd2 Qc5+ 30. Qd4 Re1+ 31. Kf2 Rxd1 32. Qxc5 Rf1+ 0-1

[Event "81st ch-ESP Rapid 2016"]
[Site "Linares ESP"]
[Date "2016.08.14"]
[Round "7.1"]
[White "Munoz, Miguel"]
[Black "Huerga Leache, Mikel"]
[Result "1-0"]
[WhiteTitle "GM"]
[BlackTitle "IM"]
[WhiteElo "2451"]
[BlackElo "2455"]
[WhiteFideId "3800229"]
[BlackFideId "2268795"]
[EventDate "2016.08.14"]

1. e4 c5 2. g3 d5 3. exd5 Qxd5 4. Nf3 Bg4 5. Be2 Bh3 6. Nc3 Qd7 7. Ne5 Qd6 8.
Bb5+ Nd7 9. Qh5 Nf6 10. Qxf7+ Kd8 11. Nc4 Qd4 12. Bxd7 Kxd7 13. Ne2 Qe4 14. f3
Qxc2 15. Nf4 Bf5 16. Ne3 Qa4 17. Nxf5 Qc6 18. d4 g6 19. d5 Qa4 20. b3 Qb5 21.
Qe6+ Kd8 22. Ne3 Qb4+ 23. Bd2 g5 1-0

[Event "81st ch-ESP Rapid 2016"]
[Site "Linares ESP"]
[Date "2016.08.14"]
[Round "7.2"]
[White "Narciso Dublan, Marc"]
[Black "Vallejo Pons, Francisco"]
[Result "1/2-1/2"]
[WhiteTitle "GM"]
[BlackTitle "GM"]
[WhiteElo "2482"]
[BlackElo "2713"]
[WhiteFideId "2201500"]
[BlackFideId "2205530"]
[EventDate "2016.08.14"]

1. d4 Nf6 2. c4 e6 3. Nc3 Bb4 4. Qc2 b6 5. e4 c5 6. d5 Qe7 7. Be2 d6 8. Nf3
Bxc3+ 9. Qxc3 O-O 10. Bg5 Nbd7 11. Nd2 Re8 12. dxe6 Qxe6 13. O-O h6 14. Bh4 Bb7
15. f3 d5 16. cxd5 Nxd5 17. Qb3 Nf4 18. Bb5 Bc6 19. Qxe6 Rxe6 20. Bxc6 Rxc6 21.
Rfd1 Ne5 22. Nf1 c4 23. Ne3 Ned3 24. Rd2 b5 25. Bg3 Rac8 26. Bxf4 Nxf4 27. Rad1
Nd3 28. Kf1 g6 29. b3 Nf4 1/2-1/2

[Event "81st ch-ESP Rapid 2016"]
[Site "Linares ESP"]
[Date "2016.08.14"]
[Round "7.3"]
[White "Vazquez Igarza, Renier"]
[Black "Suarez Garcia, Carlos"]
[Result "0-1"]
[WhiteTitle "GM"]
[BlackTitle "FM"]
[WhiteElo "2589"]
[BlackElo "2426"]
[WhiteFideId "3503054"]
[BlackFideId "22230858"]
[EventDate "2016.08.14"]

1. Nf3 d5 2. d4 c6 3. c4 e6 4. cxd5 exd5 5. Nc3 Bf5 6. Bg5 Be7 7. Bxe7 Qxe7 8.
e3 Nf6 9. Be2 O-O 10. O-O Ne4 11. Nd2 Nxd2 12. Qxd2 Nd7 13. a3 Nf6 14. Rfe1 Ne4
15. Nxe4 Bxe4 16. Bf1 Rfd8 17. b4 a6 18. Rac1 Rd6 19. f3 Bg6 20. a4 Re6 21. b5
axb5 22. axb5 Ra3 23. bxc6 bxc6 24. Rc3 h6 25. Qc1 Rxc3 26. Qxc3 Qa7 27. Kf2 Qe7
28. Ra1 Qh4+ 29. Kg1 Qg5 30. Ra3 h5 31. Qc1 Kh7 32. Rc3 Qe7 33. g3 Bf5 34. Kf2
Qb7 35. Be2 Rf6 36. Kg1 g6 37. Qa3 Qb1+ 38. Rc1 Qb7 39. Kg2 Kg7 40. h3 g5 41. g4
hxg4 42. hxg4 Bg6 43. Rc3 Qb1 44. Qc1 Qb7 45. Bd1 Re6 46. Ba4 Qa6 47. Bd1 Qa2+
48. Kg3 Qa6 49. Kf2 Qa5 50. Be2 Qc7 51. Kg2 Qe7 52. Kf2 Qc7 53. Kg2 Qe7 54. Qa3
Qe8 55. Rb3 Bc2 56. Rb2 Rxe3 57. Qxe3 Qxe3 58. Rxc2 Qxd4 59. Rxc6 Qd2 60. Kf1 d4
61. Rd6 Qc1+ 62. Kf2 Qe3+ 63. Kf1 Kf8 64. Rd8+ Ke7 65. Rd5 f6 66. Ke1 Ke6 67.
Rd8 Ke7 68. Rd5 Qg1+ 69. Kd2 Qa1 70. Rb5 Qc3+ 71. Kd1 d3 0-1

[Event "81st ch-ESP Rapid 2016"]
[Site "Linares ESP"]
[Date "2016.08.14"]
[Round "7.4"]
[White "Del Rio De Angelis, Salvador G."]
[Black "Anton Guijarro, David"]
[Result "0-1"]
[WhiteTitle "GM"]
[BlackTitle "GM"]
[WhiteElo "2522"]
[BlackElo "2627"]
[WhiteFideId "2203138"]
[BlackFideId "2285525"]
[EventDate "2016.08.14"]

1. d4 Nf6 2. Nf3 b6 3. e3 Bb7 4. Bd3 e6 5. O-O d5 6. b3 Bd6 7. c4 O-O 8. Bb2 a6
9. Nc3 Nbd7 10. Rc1 Ne4 11. Ne2 f5 12. Qc2 Qe7 13. Ne5 Bxe5 14. dxe5 dxc4 15.
Bxc4 b5 16. Bd3 c5 17. a4 c4 18. bxc4 b4 19. c5 Nexc5 20. a5 Nxd3 21. Qxd3 Rfc8
22. Nf4 Kf7 23. Rcd1 Bc6 24. Qe2 Bb5 25. Qh5+ Kg8 26. Rfe1 Rc2 27. Bd4 b3 28. e4
fxe4 29. Qg4 Bc4 30. Nh5 Kh8 31. Ng3 Rb8 32. Nxe4 b2 33. Nc3 Qf7 34. Na4 Be2 0-1

[Event "81st ch-ESP Rapid 2016"]
[Site "Linares ESP"]
[Date "2016.08.14"]
[Round "7.5"]
[White "Arizmendi Martinez, Julen Luis"]
[Black "Forcen Esteban, Daniel"]
[Result "1/2-1/2"]
[WhiteTitle "GM"]
[BlackTitle "GM"]
[WhiteElo "2496"]
[BlackElo "2561"]
[WhiteFideId "2205092"]
[BlackFideId "2288230"]
[EventDate "2016.08.14"]

1. d4 Nf6 2. c4 g6 3. Nc3 Bg7 4. e4 d6 5. Nf3 O-O 6. Be2 e5 7. O-O Nc6 8. Be3
Ng4 9. Bg5 f6 10. Bc1 f5 11. Bg5 Qd7 12. dxe5 Ngxe5 13. Nxe5 dxe5 14. exf5 gxf5
15. c5 h6 16. Bc4+ Kh8 17. Qh5 Qe8 18. Qxe8 Rxe8 19. Bh4 Nd4 20. Nb5 Be6 21.
Bxe6 Nxe6 22. Rac1 a6 23. Nc3 c6 24. Ne2 a5 25. Rfd1 Nd4 26. Kf1 a4 27. Nxd4
exd4 28. f3 Ra5 29. Bf2 Rd8 30. Rd3 Rd5 31. Rc4 Raxc5 32. Rdxd4 Rxd4 33. Rxc5
Rd1+ 34. Ke2 Rb1 35. Rc2 Kg8 36. Be3 Bxb2 37. Bxh6 a3 38. Be3 Ra1 39. Bc5 Kf7
40. g4 Ke6 41. h4 Rh1 42. h5 Kd5 43. Bf8 Rh2+ 44. Kd3 Rh3 45. Ke2 fxg4 46. fxg4
Rg3 47. Rd2+ Ke4 48. Rc2 Rg2+ 49. Kd1 Rg1+ 50. Ke2 Bd4 51. h6 Rg2+ 52. Kd1 Rg1+
53. Ke2 Rxg4 54. Rc4 Kd5 55. Ra4 Rg2+ 56. Kd3 Rg3+ 57. Kc2 Rc3+ 58. Kd2 Rh3 59.
Rxa3 Rh2+ 60. Kd1 b5 61. Rd3 Kc4 62. Rd2 Rh1+ 63. Kc2 c5 64. Rg2 Ra1 65. Rg5
Rxa2+ 66. Kb1 Rb2+ 67. Kc1 Re2 68. Rh5 Kc3 69. Rh3+ Be3+ 70. Kd1 Kd3 71. h7 Rd2+
72. Ke1 Re2+ 73. Kd1 Rd2+ 74. Ke1 Re2+ 1/2-1/2

[Event "81st ch-ESP Rapid 2016"]
[Site "Linares ESP"]
[Date "2016.08.14"]
[Round "7.6"]
[White "Asis Gargatagli, Hipolito"]
[Black "Salgado Lopez, Ivan"]
[Result "1/2-1/2"]
[WhiteTitle "IM"]
[BlackTitle "GM"]
[WhiteElo "2487"]
[BlackElo "2651"]
[WhiteFideId "2260735"]
[BlackFideId "2257327"]
[EventDate "2016.08.14"]

1. e4 c6 2. d4 d5 3. Nd2 dxe4 4. Nxe4 Nf6 5. Ng3 Nbd7 6. Nf3 e6 7. Bd3 c5 8. c3
b6 9. O-O Bb7 10. Qe2 Be7 11. Ne5 cxd4 12. cxd4 O-O 13. f4 Nxe5 14. dxe5 Bc5+
15. Kh1 Ng4 16. Bxh7+ Kxh7 17. Qxg4 f5 18. exf6 Rxf6 19. f5 Qd5 20. Nh5 Rf7 21.
Qg6+ Kg8 22. f6 Qe4 23. Qg5 Rd8 24. Nxg7 Rd5 25. Qg3 Rd3 26. Qg5 Rd5 27. Nf5+
Kf8 28. Qg3 Ke8 29. Be3 Rxf5 30. Rxf5 Qxg2+ 31. Qxg2 Bxg2+ 32. Kxg2 exf5 33.
Bxc5 bxc5 34. Re1+ Kf8 35. Re5 Rb7 36. b3 c4 37. bxc4 Rb2+ 38. Kg3 Rxa2 39. Rxf5
Kf7 40. h4 Rc2 41. Ra5 1/2-1/2

[Event "81st ch-ESP Rapid 2016"]
[Site "Linares ESP"]
[Date "2016.08.14"]
[Round "7.7"]
[White "Pardo Simon, David"]
[Black "Ibarra Jerez, Jose Carlos"]
[Result "1/2-1/2"]
[WhiteTitle "IM"]
[BlackTitle "GM"]
[WhiteElo "2492"]
[BlackElo "2563"]
[WhiteFideId "2296276"]
[BlackFideId "2226332"]
[EventDate "2016.08.14"]

1. d4 d6 2. e4 e5 3. Ne2 exd4 4. Nxd4 Nf6 5. Nc3 Be7 6. Qf3 O-O 7. Nf5 Bxf5 8.
Qxf5 c6 9. Be2 Re8 10. O-O Bf8 11. Bf3 Nbd7 12. g3 b5 13. a3 a5 14. Rd1 Qc7 15.
b3 g6 16. Qf4 Ne5 17. Bg2 Bg7 18. Bb2 Rad8 19. h3 Qb6 20. Re1 a4 21. Rad1 axb3
22. cxb3 b4 23. Na4 Qb5 24. Qe3 bxa3 25. Bxa3 c5 26. f4 Nc6 27. e5 Nd4 28. Qd3
Qxd3 29. Rxd3 Nc2 30. Red1 Nxa3 31. exf6 Bxf6 32. Kh2 Bd4 33. b4 Nc4 34. bxc5
dxc5 35. Nxc5 Nb2 36. Nb7 Nxd1 37. Nxd8 Rxd8 38. Rxd1 1/2-1/2

[Event "81st ch-ESP Rapid 2016"]
[Site "Linares ESP"]
[Date "2016.08.14"]
[Round "7.8"]
[White "Almagro Llamas, Pablo"]
[Black "Alonso Rosell, Alvar"]
[Result "0-1"]
[WhiteTitle "IM"]
[BlackTitle "GM"]
[WhiteElo "2436"]
[BlackElo "2524"]
[WhiteFideId "2221799"]
[BlackFideId "2270544"]
[EventDate "2016.08.14"]

1. d4 Nf6 2. Nf3 e6 3. c4 c5 4. e3 d5 5. cxd5 exd5 6. Bb5+ Nc6 7. O-O a6 8.
Bxc6+ bxc6 9. Nc3 Be7 10. Ne5 Bb7 11. Na4 Qc7 12. Qc2 c4 13. b3 O-O 14. bxc4
dxc4 15. Qxc4 a5 16. Nc5 Bxc5 17. Qxc5 Ba6 18. Re1 Rfc8 19. Bd2 a4 20. Ba5 Qb7
21. Rab1 Bb5 22. Bb4 Qa6 23. e4 Re8 24. f3 Rac8 25. Rbc1 Qb7 26. a3 Nd7 27. Nxd7
Qxd7 28. Rcd1 Qb7 29. Qc3 h6 30. Qd2 Bc4 31. Rc1 Bb3 32. Rc5 Rcd8 33. Qf2 Re6
34. Rec1 Qa6 35. h4 Qd3 36. Bc3 Rg6 37. Kh2 Kh7 38. Bb2 Rdd6 39. Re1 Rde6 40.
Re3 Qa6 41. Rec3 Rgf6 42. Re3 Kg8 43. d5 cxd5 44. Bxf6 Qd6+ 45. Qg3 Qxg3+ 46.
Kxg3 gxf6 47. Rc8+ Kg7 48. Kf2 Rb6 49. Rd3 dxe4 50. fxe4 Be6 51. Rg3+ Kh7 52. h5
Bxc8 0-1

[Event "81st ch-ESP Rapid 2016"]
[Site "Linares ESP"]
[Date "2016.08.14"]
[Round "7.9"]
[White "Andres Gonzalez, Alberto"]
[Black "Espinosa Aranda, Angel"]
[Result "1/2-1/2"]
[WhiteTitle "IM"]
[BlackTitle "IM"]
[WhiteElo "2512"]
[BlackElo "2422"]
[WhiteFideId "2212595"]
[BlackFideId "2278189"]
[EventDate "2016.08.14"]

1. d4 Nf6 2. Nf3 e6 3. g3 b5 4. Bg2 Bb7 5. O-O c5 6. c3 d5 7. a4 b4 8. Bg5 Nbd7
9. a5 Bd6 10. a6 Bc6 11. dxc5 Bxc5 12. cxb4 Bxb4 13. Nd4 Rc8 14. Nxc6 Rxc6 15.
e4 dxe4 16. Bxe4 Rd6 17. Qa4 Qb6 18. Be3 Bc5 19. Bxc5 Qxc5 20. Nc3 Rd4 21. Qc6
Ke7 22. Bg2 Rb8 23. Qxc5+ Nxc5 24. Ra5 Nb3 25. Rb5 Rxb5 26. Nxb5 Ra4 27. Bb7 Nc5
28. b3 Ra2 29. Nxa7 Nxa6 30. Nc6+ Kd6 31. Rd1+ Kc7 32. Nd8 Nc5 33. Bf3 Nxb3 34.
Nxf7 Ra1 35. Rxa1 Nxa1 36. Bd1 Ne4 37. Kg2 Kd7 38. Ne5+ Ke7 39. Nc6+ Kf6 40. Nd4
e5 41. Nb5 Nd2 42. f3 1/2-1/2